| 000 | 00781cam a22002651 4500 | ||
|---|---|---|---|
| 999 |
_c20425 _d20425 |
||
| 001 | 6032621 | ||
| 003 | BDDh-ASL | ||
| 005 | 20231015025904.0 | ||
| 008 | 771208s1952 enkab 000 0 eng | ||
| 010 | _a 52003568 | ||
| 015 | _aGB52-7208 | ||
| 035 | _a(OCoLC)3472650 | ||
| 040 |
_aDLC _cMiGrC _dMiGrC _dOCoLC _dUk _dDLC _dBDDh-ASL |
||
| 042 | _apremarc | ||
| 050 | 0 | 0 |
_aBP65.E8 _bT7 |
| 082 |
_a297.0963 _bTRI |
||
| 100 | 1 |
_aTrimingham, J. Spencer _q(John Spencer), _d1904- |
|
| 245 | 1 | 0 | _aIslam in Ethiopia / |
| 260 |
_aLondon: _aNew York, _bOxford University Press, _c1952. |
||
| 300 |
_axv, 299 p. _bmaps (part fold. col.) _c22 cm. |
||
| 650 | 0 |
_aMuslims _zEthiopia. |
|
| 906 |
_a7 _bcbc _coclcrpl _d2 _encip _f19 _gy-gencatlg |
||
| 942 |
_2ddc _cBK |
||